000
00331nam a2200145Ia 4500
100
_a
Shahani/ D.C.
650
_a
Electrical Engineering
942
_c
RB
654
_a
Tape Recorder Simplified
245
_a
Tape Recorder Simplified
260
_b
Dattsons
_a
Nagpur
_c
1980
082
_a
621.3
300
_a
111
546
_a
ENGLISH
999
_c
33896
_d
33896